|
|
|
|
| LEADER |
00000nam a22000007a 4500 |
| 005 |
20210909130650.0 |
| 007 |
cr|||| |||| |
| 008 |
210909s2015 br |||||s|||| 00||0 por d |
| 020 |
|
|
|a 978-85-8310-044-7
|
| 035 |
|
|
|a 35061
|
| 040 |
|
|
|a vLex
|
| 090 |
|
|
|c 12370
|d 12370
|
| 100 |
1 |
|
|a Vilanova, Lourival
|
| 245 |
1 |
0 |
|a Causalidade e relaȯ̂ no direito
|h [Recurso electrn̤ico] /
|c Lourival Vilanova
|
| 256 |
|
|
|a Servicio en ln̕ea
|
| 260 |
|
|
|a San Pablo:
|b Editora Noeses,
|c 2015
|
| 300 |
|
|
|a 1 recurso electrn̤ico
|
| 500 |
|
|
|a Trata-se de nova ediȯ̂ do cls̀sico de Lourival Vilanova, que volta-se ̉comemoraȯ̂, em 2015, do centenr̀io de nascimento do jusfils̤ofo.
|
| 506 |
1 |
|
|a Disponible solo en los productos indicados
|d vLex Global
|d vLex Global (Academic Edition, excluding Law Schools)
|d vLex Global (U.S. Academic Edition, Law Schools)
|d vLex Global (U.S. Academic Edition, excluding Law Schools)
|d vLex Global (Academic Edition, Law Schools)
|
| 650 |
0 |
4 |
|a Derecho Militar
|z Brasil
|
| 650 |
0 |
4 |
|a Filosofa̕ y religin̤
|z Brasil
|
| 740 |
0 |
|
|a vLex Libros (Servicio en ln̕ea)
|
| 856 |
4 |
0 |
|u https://app.vlex.com/#/sources/35061
|z Acceso restringido
|
| 942 |
|
|
|c BOOK
|
| 999 |
0 |
|
|a Military Law
|
| 999 |
0 |
|
|a Philosophy and religion
|